Das Auffanglager Küstrin/ Alt-Drewitz 1945 / (Titelsatznr. 235895)
[ MARC ]
| 000 -Satzkennung | |
|---|---|
| Kontrollfeld mit fester Länge | 00530nab a2200181 4500 |
| 001 - Kontrollnummer | |
| Kontrollfeld | 145 |
| 003 - Kontrollnummer Identifier | |
| Kontrollfeld | OSt |
| 005 - Datum und Zeit der letzten Transaktion | |
| Kontrollfeld | 20210719133755.0 |
| 007 - Feld mit fester Länge zur physischen Beschreibung - Allgemeine Information | |
| Kontrollfeld mit fester Länge | tu |
| 008 - Feld mit fester Länge zur physischen Beschreibung - Allgemeine Angaben | |
| Kontrollfeld mit fester Länge | |||||||||||| |
| 040 ## - Katalogisierungsquelle | |
| Original-Katalogisierungsstelle | DE-2950 |
| Übertragungsstelle | DE-2950 |
| 245 04 - Titel | |
| Titel | Das Auffanglager Küstrin/ Alt-Drewitz 1945 / |
| Verfasserangabe etc. | Andy Steinhauf |
| 260 ## - Publikation, Vertrieb usw. | |
| Erscheinungsjahr, Vertriebsjahr etc. | 2021 |
| 653 ## - Indexierungsterm - Nicht normiert | |
| Nicht-normierter Term | Küstrin-Kiez <Märkisch Oderland> |
| 653 ## - Indexierungsterm - Nicht normiert | |
| Nicht-normierter Term | Flüchtlingslager |
| 773 0# - Übergeordnete Einheit | |
| Verknüpfungsangaben | 122. Jg. (2021) Heft 1-2, S. 45-52 |
| Titel | Mitteilungsblatt Landesgeschichtliche Vereinigung für die Mark Brandenburg |
| 942 ## - Zusätzliche Felder (Koha) | |
| Klassifikation oder Aufstellungssystematik | Andere/Generische Klassifikation |
| Koha-Medientyp | Aufsätze |
| Ausgeschieden | Verloren | Klassifikation oder Aufstellungssystematik | Beschädigt | Nicht entleihbar | Heimatbibliothek | Aufenthaltsbibliothek | Aufstellungsort | Erwerbungsdatum | Anzahl Ausleihen | Signatur | Letzte Aktivität | Preis gültig von | Koha-Medientyp |
|---|---|---|---|---|---|---|---|---|---|---|---|---|---|
| Andere/Generische Klassifikation | Stadtarchiv Frankfurt (Oder) | Archivbibliothek | Stadtarchiv Frankfurt (Oder) | Archivbibliothek | Magazin | 19/07/2021 | II: 4107 | 19/07/2021 | 19/07/2021 | Aufsätze |